Bharatmata-dhartimata (Record no. 184507)

MARC details
000 -LEADER
fixed length control field 00537nam a22001937a 4500
020 ## - INTERNATIONAL STANDARD BOOK NUMBER
ISBN 978-81-8031-064-7
041 ## - LANGUAGE CODE
Language code of text/sound track or separate title eng
082 ## - DEWEY DECIMAL CLASSIFICATION NUMBER
Edition number 23rd ed.
Classification number H 891.43807
Item number BHA
245 ## - TITLE STATEMENT
Title Bharatmata-dhartimata
Statement of responsibility, etc edited by Omkar Sharad
250 ## - EDITION STATEMENT
Edition statement 5th ed.
260 ## - PUBLICATION, DISTRIBUTION, ETC. (IMPRINT)
Place of publication Allahabad
Name of publisher Lokbharti Prakashan
Year of publication 2010
300 ## - PHYSICAL DESCRIPTION
Number of Pages 203p.;
Dimensions 22 cm.
650 ## - SUBJECT ADDED ENTRY--TOPICAL TERM
Topical Term Hindi literature
650 ## - SUBJECT ADDED ENTRY--TOPICAL TERM
Topical Term Hindi language- Articles
700 ## - ADDED ENTRY--PERSONAL NAME
Personal name Sharad, Omkar (ed.)
856 ## - ELECTRONIC LOCATION AND ACCESS
Uniform Resource Identifier www.lokbhartiprakashan.com
942 ## - ADDED ENTRY ELEMENTS (KOHA)
Koha item type Books
Holdings
Withdrawn status Lost status Damaged status Collection code Home library Current library Shelving location Date acquired Full call number Accession Number Copy number Koha item type
      HINDI North Eastern Hill University North Eastern Hill University Hindi 27/02/2026 H 891.43807 BHA 450208 ,4 Books